Atlas lingüístic de Catalunya : Índex / per Ch. Haesler Índex / per Ch. Haesler
Publicado:
San Cugat del Vallés :
Instituto Internacional de Cultura Románica [de la Excma. Diputación Provincial de Barcelona] ,
1964
Descripción Física:
172 p. ; 25 cm
Colección:
Biblioteca filológica-histórica ; 13
MARC
| LEADER | 00000nam a2200000Ia 4500 | ||
|---|---|---|---|
| 001 | 1669 | ||
| 008 | 160829s1964 xx 000 0 cat d | ||
| 080 | |a L-1-289 | ||
| 100 | 1 | |a Haesler, Ch. |9 49043 | |
| 245 | |a Atlas lingüístic de Catalunya : |b Índex / per Ch. Haesler | ||
| 260 | |a San Cugat del Vallés : |b Instituto Internacional de Cultura Románica [de la Excma. Diputación Provincial de Barcelona], |c 1964 | ||
| 300 | |a 172 p. ; |c 25 cm | ||
| 490 | |a Biblioteca filológica-histórica ; 13 | ||
| 650 | |a Catalunya |x Llengües |x Mapes |9 49044 | ||
| 650 | |a Atles lingüístics |9 49045 | ||
| 710 | 2 | |a Instituto Internacional de Cultura Románica |9 54313 | |
| 901 | |a Arxiu | ||
| 942 | |n 1 | ||
| 952 | |0 0 |1 0 |4 0 |6 L1289 |7 1 |9 55054 |a Arxiu |b Arxiu |d 2016-12-01 |l 0 |o L-1-289 |p 1669 |r 2016-12-01 00:00:00 |w 2016-12-01 |y ARXIU | ||
| 999 | |c 58924 |d 58924 | ||